|
|
|
|
| LEADER |
00000nam0a2200000 4500 |
| 001 |
115429 |
| 005 |
20231031122627.0 |
| 010 |
|
|
|a 5279025860
|
| 035 |
|
|
|a (RuTPU)RU\TPU\book\124839
|
| 035 |
|
|
|a RU\TPU\book\115960
|
| 090 |
|
|
|a 115429
|
| 100 |
|
|
|a 20070507d2007 m y0rusy50 ca
|
| 101 |
0 |
|
|a rus
|
| 102 |
|
|
|a RU
|
| 105 |
|
|
|a a j 001zy
|
| 200 |
1 |
|
|a Оценка бизнеса
|e учебник для вузов
|f Финансовая академия при Правительстве Российской Федерации; Институт профессиональной оценки, А. Г. Грязновой, М. А. Федотовой
|
| 205 |
|
|
|a 2-е изд., перераб. и доп.
|
| 210 |
|
|
|a Москва
|c Финансы и статистика
|d 2007
|
| 215 |
|
|
|a 734 с.
|c ил.
|
| 225 |
1 |
|
|a Бизнес
|
| 320 |
|
|
|a Библиогр.: с. 719-720.
|
| 320 |
|
|
|a Словарь терминов: с. 721-734.
|
| 330 |
|
|
|a Рассматриваются основные понятия оценки, регулирование оценочной деятельности, временная оценка денежных потоков, необходимая информация и методы оценки бизнеса, особенности оценки при реструктуризации, инвестировании, ликвидации предприятий, определении стоимости земельного участка, банка и т.д. Анализируется мировая практика оценочной деятельности. Приводятся конкретные примеры оценки стоимости компаний, предприятий, банков, таблицы сложных процентов, задания, тесты и контрольные вопросы (1-е изд. - 1998 г.). Для студентов, аспирантов, преподавателей экономических вузов, экспертов-оценщиков, предпринимателей, инвесторов, финансистов, аудиторов.
|
| 610 |
1 |
|
|a экономика
|
| 610 |
1 |
|
|a бизнес
|
| 610 |
1 |
|
|a оценка
|
| 610 |
1 |
|
|a методология
|
| 610 |
1 |
|
|a оценочная деятельность
|
| 610 |
1 |
|
|a денежные потоки
|
| 610 |
1 |
|
|a информация
|
| 610 |
1 |
|
|a подготовка
|
| 610 |
1 |
|
|a предприятия
|
| 610 |
1 |
|
|a стоимость
|
| 610 |
1 |
|
|a компании
|
| 610 |
1 |
|
|a затраты
|
| 610 |
1 |
|
|a земельные участки
|
| 610 |
1 |
|
|a контрольные пакеты акций
|
| 610 |
1 |
|
|a отчеты
|
| 610 |
1 |
|
|a инфляционные процессы
|
| 610 |
1 |
|
|a реструктуризация
|
| 610 |
1 |
|
|a платежеспособность
|
| 610 |
1 |
|
|a восстановление
|
| 610 |
1 |
|
|a финансово-промышленные группы
|
| 610 |
1 |
|
|a активы
|
| 610 |
1 |
|
|a антикризисное управление
|
| 610 |
1 |
|
|a мировая практика
|
| 610 |
1 |
|
|a учебники
|
| 675 |
|
|
|a 657.9(075.8)
|v 3
|
| 702 |
|
1 |
|a Грязнова
|b А. Г.
|g Алла Георгиевна
|4 340
|
| 702 |
|
1 |
|a Федотова
|b М. А.
|g Мария Алексеевна
|4 340
|
| 712 |
0 |
2 |
|a Финансовая академия при Правительстве Российской Федерации
|2 stltpush
|3 (RuTPU)RU\TPU\col\159
|
| 712 |
0 |
2 |
|a Институт профессиональной оценки
|2 stltpush
|3 (RuTPU)RU\TPU\col\5847
|
| 801 |
|
1 |
|a RU
|b 63413507
|c 20041025
|g PSBO
|
| 801 |
|
2 |
|a RU
|b 63413507
|c 20220607
|g PSBO
|
| 900 |
|
|
|a Экономика предприятия
|
| 900 |
|
|
|a Экономика
|
| 942 |
|
|
|c BK
|
| 952 |
|
|
|a 521600
|b 080100
|
| 959 |
|
|
|a 24/20070227
|d 2
|e 391,60
|f АНЛ:2
|
| 959 |
|
|
|a 47/20070604
|d 2
|e 420,00
|f АНЛ:2
|